Land vs. Land #85 - Statistiken

Allgemein
  • Dieses Quiz wurde 22 mal gespielt
  • Das Durchschnittsergebnis liegt bei 12 aus 14
Antwortstatistiken
Frage Antwort % Korrekt
...Frieden? Schweiz🇨🇭
100%
...Einwohner? Südkorea🇰🇷
100%
...Militär? Südkorea🇰🇷
100%
...Küstenlänge? Südkorea🇰🇷
100%
...Happy Planet Index? Schweiz🇨🇭
95%
...Exportmengen? Südkorea🇰🇷
95%
...Bruttoinlandsprodukt pro Kopf? Schweiz🇨🇭
91%
...Gesundheitswesen? Schweiz🇨🇭
86%
...Bruttoinlandsprodukt? Südkorea🇰🇷
86%
...HDI (Human Development Index)? Schweiz🇨🇭
82%
...Lebenserwartung? Schweiz🇨🇭
82%
...Fläche? Südkorea🇰🇷
82%
...Gewinner? Südkorea🇰🇷
64%
...durchschnittlicher IQ? Südkorea🇰🇷
55%
Keine übereinstimmenden Quizze gefunden
Verteilung der Resultate
Anzahl Personen mit jedem Resultat
Perzentil nach korrekt beantworteten Fragen
Ihre Resultats-Entwicklung
Sie haben dieses Quiz noch nicht gespielt